01430 a2200253 45000010006000000050017000060080041000230030015000640400040000790800039001192450065001580200018002232640044002413000019002855050495003040410008007991000021008077000017008287000024008457000027008697000018008967000163009148560099010774555920260407155728.0260407a2001 arg spa dAR-UNSa-BCEJYS aAR-UNSa-BCEJYSbspacAR-UNSa-BCEJYS a316.323.65xEstado del bienestar 10aPresente y futuro del estado de bienestarpel debate europeo a950-9467-81-2 1aBuenos Aires :bMiño y Dávilac2001 a162 p.c20 cm. a1. Políticas alternativas a la sociedad del trabajo / Ulrich Beck – 2. ¿De caballeros a pícaros? Policías públicas e incentivos de mercado / Julián Le Grand – 3. ¿Qué Estados de Bienestar tienen mayores probabilidades de sobrevivir? / Howard Glennerster – 4. ¿Burócratas o arquitectos? La reestructuración del Estado benefactor en Europa / Gosta Esping Andersen – 5. Conjugar la pobreza. Las experiencias de ingreso mínimo garantizado en Europa / Serge Paugam.  aspa1 aLe Grand, Julian1 aBeck, Ulrich1 aGlennerster, Howard1 aEsping-Andersen, Gosta1 aPaugam, Serge1 aArgentina. Ministerio de Desarrollo Social y Medio Ambiente de la Nación. Sistema de Información, Monitoreo y Evaluación de Programas Sociales (SIEMPRO)41uhttps://www.biblioeco.unsa.edu.ar/pmb/images/libros/L127142.jpgyImagen de portadaqimage/jpeg